Top Nine Most Popular Pets In The UK - Statistics

General Stats
  • This quiz has been taken 190 times
    135 since last reset
  • The average score is 7 of 9
Answer Stats
Amount of Pets (Approx.) Answer % Correct
17% of people in the UK Cat
100%
24% of people in the UK Dog
100%
2% of people in the UK Rabbit
84%
8% of people in the UK Fish
82%
1% of people in the UK Snake
80%
2% of people in the UK Bird
75%
1% of people in the UK Guinea Pig
74%
1% of people in the UK Lizard
60%
1% of people in the UK Turtles/Tortoise
32%
No matching quizzes found
Score Distribution
Percent of People with Each Score
Percentile by Number Answered
Your Score History
You have not taken this quiz since the last reset